000 00493nam a2200169Ia 4500
008 230917s9999||||xx |||||||||||||| ||und||
020 _cRS 695.00
040 _e5009232
_aMAIN
041 _aEnglish
082 _a658 C361M
100 _aChand, S N
245 0 _aManagement: Concept, theory and practices
260 _aNew Delhi
_bAtlantic Publishers and Distributors
_c2022
300 _ax, 433 p.
500 _a4124 13/10/2021 APD21/1128569 13/10/2021 IMSAR (Dev. & Research)
942 _cBK
999 _c2837
_d2837